El espacio de Einstein y el cielo de Van Gogh

Guardat en:
Dades bibliogràfiques
Autor principal: LeShan, Lawrence (Autor)
Altres autors: Margenau, Henry (autor)
Format: Llibre
Idioma:espanyol
Publicat: Barcelona Gedisa 1985
Edició:1a. ed
Col·lecció:Colección Limites de la Ciencia
Matèries:
Etiquetes: Afegir etiqueta
Sense etiquetes, Sigues el primer a etiquetar aquest registre!

MARC

LEADER 00000nam a2200000 a 4500
001 UCK9208
003 CL-VaPUC
008 060421e19850000SP |||||||||||||||||spa|d
020 |a 847432226X 
082 0 4 |a 530.01  |b LES  |2 21 
100 |a LeShan, Lawrence  |e author  |9 549169 
700 |a Margenau, Henry  |e autor  |9 549170 
245 1 3 |a El espacio de Einstein y el cielo de Van Gogh 
250 |a 1a. ed 
300 |a 257 p 
942 |c BK 
945 |d 20060421 00:00:00  |a jtorresc 
260 |a Barcelona  |b Gedisa  |c 1985 
600 0 |a Einstein, Albert   |e autor  |9 266229 
600 0 7 |a GOGH, VICENT VAN  |2 CL-VaPUC  |9 498949 
650 0 |a Filosofía de las ciencias  |9 256466 
650 0 |a Ciencia  |9 255691 
650 0 |a Física   |9 227844 
650 0 |a Cosmología  |9 269138 
650 0 |a Filosofía de la naturaleza  |9 265899 
583 |a last modification  |c 20060421 00:00:00  |k Rodrigo Vera 
490 0 |a Colección Limites de la Ciencia 
999 |c 316482  |d 316480 
952 |0 0  |1 0  |4 0  |6 530_010000000000000_LES_1985  |7 0  |8 A  |9 390880  |a BIBCUR  |b BIBCUR  |d 2019-11-22  |i 4223268  |o 530.01 LES 1985  |p 4223268  |r 2025-04-22  |w 2019-11-22  |y BK  |k FIS